00526nam a22001457a 4500003000400000005001700004008004100021040001400062100002600076245010800102260000900210300002900219500010100248504003100349OSt20171010095516.0120814t xxu||||| |||| 00| 0 eng d aMMSUcULS aMagano, Genevieve I.  aQuality, reading facility and human interest of modules in community development cGenevieve I. Magano  c2001 axiv, 251 leaves c28 cm. aThesis (Ph.D. Rural Development) -- Mariano Marcos State University-Graduate School, Laoag City  aBibliography: leaves 70-73